000 00351nam a22001457a 4500
020 _a978-93-5543-085-4
082 _a894.812
_bHEC/I
100 _aGARCIA, HECTOR
100 _aMIRALLES, FRANCESE
245 _aICHIGO-ICHIE
260 _aBHOPAL
_bMANJUL PUBLISHING HOUSE
_c2019
300 _a184
650 _aMIND, BODY AND SPIRIT
_zINDIA
942 _cBK
999 _c7181
_d7181